01167naa a22003017a 4500001001000000003000900010005001700019007000300036008003400039040005400073041000900127072001400136090001800150100001600168111009300184245003200277260003900309500012600348650001100474650001000485650001300495650001600508773012300524909003600647942001400683999001900697952014900716BR8004423BR-BrBNA20240918174633.0ta230509b bl.||||| |||| 00| 0 por d aBR-BrBNAbporcBiblioteca Nacional de Agricultura a(Pt) aL10b5212 aL10 BR80044231 aFries, L.A.1 a3. Simposio sobre Melhoramento Genetico de BovinoscJaboticabal, SP (Brazil)d8 Dec 19791 aO valor de um touro testado3 aJaboticabal, SP (Brasil): c1980.  aAnais do 3. Simposio sobre Melhoramento Genetico de Bovinos Jaboticabal, SP (Brasil): 1980. p. 184-193 (BR8004423-AM)L10  aBOVINO aTOURO aGENETICA aPRECO MEDIO0 tAnais do 3. Simposio sobre Melhoramento Genetico de BovinoswL10 BR8004423gJaboticabal, SP (Brasil), 1980. p. 184-193 a202404bLuciac55dLucia Elande cAM2AGRIS c312519d312519 002AGRIS40708Acervo Gerala41918b41918cAgrobasel0o5213 BR8004412r2024-05-20t01yAM10d2024-04-11ePortaria Interministerial nÂș 164/94